| 000 -GUIDE |
| Champ de contrôle de longueur fixe |
01190nam a22002417a 4500 |
| 003 - IDENTITÉ DU NUMÉRO DE CONTRÔLE |
| Champ de contrôle |
BI-BuBU |
| 008 - ÉLÉMENTS DE LONGUEUR FIXE - RENSEIGNEMENTS GÉNÉRAUX |
| Champ de contrôle de longueur fixe |
230123b2 b fr|||| 00| 0 fre d |
| 037 ## - SOURCE D'ACQUISITION |
| Source d'acquisition et du numéro d'inventaire |
Don |
| 039 ## - NIVEAU DE CONTRÔLE BIBLIOGRAPHIQUE ET HISTORIQUE D'ENCODAGE [OBSOLETE] |
| Date creation |
20230123124723.0 |
| Nom catalographe |
Fulgence Hakizimana |
| 040 ## - SOURCE DU CATALOGAGE |
| Organisme qui a effectué le catalogage original |
BI-BuBU |
| Code de la langue utilisée dans le catalogage |
eng |
| Organisme qui a effectué la transcription |
BI-BuBU |
| 080 ## - INDICE DE LA CLASSIFICATION DÉCIMALE UNIVERSELLE (CDU) |
| Indice de la Classification décimale universelle |
802.0 . |
| 100 10 - VEDETTE PRINCIPALE - NOM DE PERSONNE |
| Code de relation |
oth. |
| Nom de personne |
Nduwimana, Arcade |
| 245 10 - MENTION DU TITRE |
| Titre |
Analysing english language needs of natural science, students at the University of Burundi and the Burundi higher institute of education/ |
| Mention de responsabilité, etc. |
Arcade Nduwimana ; Herménégilde Rwantabagu, directeur |
| 260 ## - PUBLICATION, DIFFUSION, ETC. (ADRESSE BIBLIOGRAPHIQUE) |
| Lieu de publication, diffusion, etc. |
Bujumbura |
| Nom de l'éditeur, diffuseur, etc. |
University of Burundi, , Doctoral school, Research center in languages, culture and society(CRELACS) |
| Date of publication, distribution, etc |
2022 |
| 300 ## - DESCRIPTION MATÉRIELLE |
| Collation |
XVI-232f. |
| Dimensions |
30cm |
| 500 ## - NOTE GÉNÉRALE |
| Note générale |
Thisis submitted in candidacy for the degree of Doctor of philosophy domain : social sciences and humanities, discipline : english language and literature, speciality : Applied linguistics |
| 650 7# - VEDETTE-MATIÈRE - NOM COMMUN |
| Source du terme |
BI-BuBU |
| Vedette de sujet ou vedette comportant un nom géographique |
Anglais (Langue). |
| Subdivision générale |
Besoin linguistique. |
| -- |
Analyse. |
| -- |
Université du Burundi(Isco). |
| 655 7# - TERME D'INDEXATION - GENRE OU FORME |
| Source du terme |
BI-BuBU |
| Terme non dominant |
Mémoire |
| 700 1# - VEDETTE SECONDAIRE - NOM DE PERSONNE |
| Code de relation |
sup. |
| Nom d'auteur |
Rwantabagu Herménégilde |
| 710 ## - VEDETTE SECONDAIRE - NOM DE COLLECTIVITÉ |
| Code de relation |
oth. |
| Nom de la collectivité ou nom de lieu comme élément de classement |
University of Burundi |
| Collectivité subordonnée |
Doctoral school |
| 942 ## - ÉLÉMENTS D'ENTRÉE ADDITIONNELLE (KOHA) |
| Source de la classification ou du système de rangement |
|
| Type d item koha |
Memoire |